000 00754nam a22001817a 4500
005 20251216140941.0
008 170705b xxu||||| |||| 00| 0 eng d
022 _a0091-4169
082 _aDPer 364.05 J826 Summer 2011 v. 101 n. 3
100 _921037
_aMargulies, Joseph.
245 _aDeviance, risk, and law :
_breflections on the demand for the preventive detention of suspected terrorists /
_cJoseph Margulies.
260 _aEvanston ;
_bNorthwestern University Press ,
_cSummer 2011.
300 _aVolume 101, pages 729-780 :
_c25 cm.
500 _aThe Journal of Criminal Law and Criminology, vol. 101, no. 3, pages 729-780, Summer 2011.
650 0 _921038
_aTerrorism
_xPrevention
700 _aMargulies, Joseph.
_921037
942 _2ddc
_cPER
999 _c6947
_d6947